| 000 | 00376cam a2200133ua 4500 | ||
|---|---|---|---|
| 999 |
_c15398 _d15398 |
||
| 020 | _a978-81-239-2436-6 | ||
| 082 |
_a630.1076 _bSIN/QU |
||
| 100 |
_aSingh, Neeraj pratap . _93077 |
||
| 245 | _aQuestion bank on agriculture for competitive exams / | ||
| 250 | _a3 / | ||
| 260 |
_aLucknow : _bInternational book distributing co. , _c2017 |
||
| 300 | _a1108, 40 | ||
| 942 | _cBBS | ||